| 000 | 00634nam a22001937a 4500 | ||
|---|---|---|---|
| 005 | 20100723103819.0 | ||
| 010 | _aENG-96650 | ||
| 020 |
_a9788128812910 _c100.00 |
||
| 035 | _aEN-80183 | ||
| 037 | _bDBAD/PUB | ||
| 082 | _aS | ||
| 100 | _aRajesh Singh | ||
| 245 |
_aThat hardly nappens to someone / _cby Rajesh Singh |
||
| 260 |
_aNew Delhi _bDiamond Books _c2009 |
||
| 270 |
_ax-30, Okhla Industrial Area, Phase-II _bNew Delhi _e110020 |
||
| 300 |
_a240 p. _c22cm (pbk) |
||
| 942 |
_2ddc _cEN _hS _mRAJ |
||
| 999 |
_c37297 _d37297 |
||